Click to Translate - Australian Slang - Statistics

General Stats
  • This quiz has been taken 190 times
    100 since last reset
  • The average score is 11 of 26
Answer Stats
Hint Answer % Correct
Hello G'day
88%
Man Bloke
77%
Angry Cranky
62%
Gas station Servo
61%
Young child Ankle biter
55%
City Big smoke
53%
Umbrella Brolly
53%
Chicken Chook
52%
Sandwich Sanger
44%
Englishman Pom
42%
A long time Yonks
39%
Sausage Snag
38%
Great You beauty
38%
Full Chockers
35%
Unwell Crook
35%
Trousers Daks
35%
Soldier Digger
32%
Road Frog and toad
32%
Lazy person Bludger
30%
Stylish Schmick
26%
Remote Woop woop
26%
Work Yakka
26%
Good friend Cobber
24%
Tall tale Furphy
20%
Snake Joe Blake
20%
Crazy Troppo
20%
No matching quizzes found
Score Distribution
Percent of People with Each Score
Percentile by Number Answered
Your Score History
You have not taken this quiz since the last reset